Jaką postacią zagrali najwięcej gier w karierze? (Polscy gracze lola) - Statystyki

Ogólne statystyki
  • Ten quiz został rozwiązany 179 razy
    177 od ostatniego zresetowania
  • Średni wynik to 11 z 40
Statystyki odpowiedzi
Zagadnienie Odpowiedź % Poprawnych
Erdote Nautilus
80%
Trymbi Rakan
80%
Puki Style Ezreal
60%
Shushei Gragas
60%
Jankos Lee sin
60%
Woolite Aphelios
40%
Delord Braum
40%
Roison Corki
40%
Kubon Irelia
40%
ShazQ Jarvan
40%
Yeti K'Sante
40%
Kikis Lee Sin
40%
HeSSZero Ornn
40%
Sinmivak Renekton
40%
Kashtelan Ryze
40%
Odi11 Aphelios
20%
Czekolad Azir
20%
Fresskowy Azir
20%
Zwyroo Azir
20%
Kozi Camille
20%
Wysek Elise
20%
Zamulek Ezreal
20%
Agresivoo Gnar
20%
iBo Gnar
20%
Xayoo Gragas
20%
HARPOON Kai'Sa
20%
R4VEN K'Sante
20%
Rybson Lee Sin
20%
Shlatan Lee Sin
20%
Marlon Nautilus
20%
Matislaw Orianna
20%
Inspired Sejuani
20%
Overpow Zilean
20%
Mystiques Alistar
0%
Vander Braum
0%
Lothen Ezreal
0%
Syzyfek Jinx
0%
Krysia Lee Sin
0%
Xeonerr Maokai
0%
Cinkrof Sejuani
0%
Nie znaleziono quizów pasujących do podanych kryteriów
Rozkład punktacji
Procent ludzi z każdym wynikiem
Percentyl według liczby udzielonych odpowiedzi
Twoja historia wyników
Nie rozwiązałeś tego quizu od ostatniego zresetowania